000 01132cam a22002054a 4500
005 20250605164141.0
008 250528s ||||||||||||||||||||||||d
035 _a18974
020 _a9604053795
040 _aGR-AtMCL
_bgre
_dGR-AtMCL
_eAACR2
245 1 _aΚυτιοποιία
260 _bΊων,
_c1992
300 _a232
505 0 _aΔιπλωτά Χάρτινα Κουτιά, Χαρτοθύλακες Ασηπτικής Συσκευασίας, Στγημένα Χάρτινα Κουτιά, Μεταλλικά Κουτιά, Χαρτοκιβώτια, Ερμηνευτικό Γλωσσάριο Βασικών Όρων Κυτιοποιίας, Βιβλιογραφία.
520 _aΔιπλωτά Χάρτινα Κουτιά, Χαρτοθύλακες Ασηπτικής Συσκευασίας, Στγημένα Χάρτινα Κουτιά, Μεταλλικά Κουτιά, Χαρτοκιβώτια, Ερμηνευτικό Γλωσσάριο Βασικών Όρων Κυτιοποιίας, Βιβλιογραφία.
700 1 _aΚαρακασιδης Ν.Γ
_95253
942 _cBK
999 _c4267
_d4267